| 000 | 01180cam a22002775a 4500 | ||
|---|---|---|---|
| 001 | 2996604 | ||
| 005 | 20171219131926.0 | ||
| 008 | 930813t1993 dcua frb 101 0 eng d | ||
| 020 | _a0841227284 | ||
| 040 |
_aDLC _cDLC _dDLC _dEG-ScBUE _beng |
||
| 082 | 0 | 4 |
_222 _a681.761 _bFLU |
| 245 | 0 | 0 |
_aFluorescent chemosensors for ion and molecule recognition / _ceditor Anthony W. Czarnik. |
| 260 |
_aWashington : _bAmerican Chemical Society, _cc.1993. |
||
| 300 |
_ax, 235 p. : _bill. ; _c24 cm. |
||
| 490 | 0 |
_aACS symposium series ; _v538 |
|
| 500 | _a"Developed from a symposium sponsored by the Division of Organic Chemistry of the American Chemical Society at the 204th Meeting of the American Chemical Society, Washington, DC, August 23-28, 1992." | ||
| 504 | _aIncludes bibliographical references and index. | ||
| 650 | 7 |
_aBiosensors _xCongresses. _2BUEsh |
|
| 650 | 7 |
_aFluorescence _xCongresses. _2BUEsh |
|
| 651 | _2BUEsh | ||
| 653 |
_bGGEN _cDecember2017 |
||
| 700 | 1 |
_aCzarnik, Anthony W., _d1957- |
|
| 710 | 2 |
_aAmerican Chemical Society. _bDivision of Organic Chemistry. |
|
| 710 | 2 |
_aAmerican Chemical Society. _bMeeting _n(204th : _d1992 : _cWashington, D.C.) |
|
| 942 | _2ddc | ||
| 999 |
_c25738 _d25710 |
||